00689 2200277 4500001002100000005001700021008004100038020001800079035002400097082001000121090002000131100001800151245003700169250001000206260003700216300002900253440001800282500002600300650000900326850001700335980001100352985000600363986001200369999001500381999001500396YOGYA-0209000003910420090227025434.0 ind  a979-514-951-2 0010-020900000039104 a539.7 a539.7bBre AlK aBRENDA, Brian aAtom unsur listrikcBrian Brenda aCet.2 aBandungbRemaja Rosdakaryac2003 avii, 43 hlmbilusc28 cm aSains Populer aBibliografi : hlm. 43 aAtom aYOPDYOG(JSC) a160206 a2 artrevgm a05B0007223 a05B0007224